| 000 | 00672 a2200193 4500 | ||
|---|---|---|---|
| 003 | Nust | ||
| 005 | 20221007112901.0 | ||
| 020 | _a9781906574192 | ||
| 040 | _cNust | ||
| 082 | _a629.8,DUK | ||
| 100 |
_aDukkipati, Rao V. _958012 |
||
| 245 |
_aAnalysis and design of control systems using MATLAB / _cRao V. Dukkipati |
||
| 250 | _a2nd ed. | ||
| 260 |
_aLondon _bNew Age Science _c2009 |
||
| 300 | _axi, 449 p.; | ||
| 505 | _a Introduction (Page-1), MATLAB Basics (Page-25), MATLAB Tutorial (Page-131), Solutions to Problems in MATLAB Basics (Page-275), MATLAB Tutorial Solutions (Page-331), | ||
| 650 |
_aControl system engineering _xMATLAB _999463 |
||
| 942 |
_cREF _2ddc |
||
| 999 |
_c179189 _d179189 |
||